Prava imena umetnika iz regiona - Statistics

General Stats
  • This quiz has been taken 354 times
  • The average score is 17 of 29
Answer Stats
Hint Answer % Correct
Aleksandar Vuksanović Aca Lukas
87%
Fahreta Jahić Lepa Brena
84%
Radojka Adžić Dara Bubamara
83%
Hamit Đogaj Đole Đogani
79%
Nenad Knežević Knez
76%
Leposava Musović Lepa Lukić
75%
Gordana-Nadežda Polić Ana Bekuta
68%
Behlulj Behlulji Beki Bekić
66%
Marijana Radovanović Maja Marijana
63%
Edin Dervišhalidović Dino Merlin
62%
Edin Osmić Edo Maajka
62%
Dalibor Andonov Gru
62%
Antonije Pušić Rambo Amadeus
62%
Razija Bukva Anabela Atijas
57%
Dragana Šarić Bebi Dol
57%
Igor Lazić Niggor
56%
Nenad Janković Dr Nele Karajlić
55%
Vladan Aksentijević Ajs Nigrutin
52%
Zilha Barjaktarević Silvana Armenulić
51%
Tatjana Matejaš Tajči
51%
Minira Jašari Mina Kostić
47%
Savka Gazivoda Saška Karan
45%
Snežana Berić Ekstra Nena
44%
Zuhra Ramizaj Seka Aleksić
44%
Đorde Miljenović Sky Wikler
41%
Funtinjora Funta Lunga Izvorinka Milošević
40%
Ivana Ranilović-Vrdoljak Vanna
34%
Velibor Miljković Toni Montano
28%
Renata Končić Minea
25%
No matching quizzes found
Score Distribution
Percent of People with Each Score
Percentile by Number Answered
Your Score History
You have not taken this quiz